|
|
|
|
| LEADER |
05007nam a22003973i 4500 |
| 001 |
EBC5771118 |
| 003 |
MiAaPQ |
| 005 |
20231204023214.0 |
| 006 |
m o d | |
| 007 |
cr cnu|||||||| |
| 008 |
231204s2019 xx o ||||0 eng d |
| 020 |
|
|
|a 9789811367793
|q (electronic bk.)
|
| 020 |
|
|
|z 9789811367786
|
| 035 |
|
|
|a (MiAaPQ)EBC5771118
|
| 035 |
|
|
|a (Au-PeEL)EBL5771118
|
| 035 |
|
|
|a (OCoLC)1101905174
|
| 040 |
|
|
|a MiAaPQ
|b eng
|e rda
|e pn
|c MiAaPQ
|d MiAaPQ
|
| 050 |
|
4 |
|a JF1001-1048.52
|
| 082 |
0 |
|
|a 364.132309598
|
| 100 |
1 |
|
|a Muhtadi, Burhanuddin.
|
| 245 |
1 |
0 |
|a Vote Buying in Indonesia :
|b The Mechanics of Electoral Bribery.
|
| 250 |
|
|
|a 1st ed.
|
| 264 |
|
1 |
|a Singapore :
|b Springer Singapore Pte. Limited,
|c 2019.
|
| 264 |
|
4 |
|c ©2019.
|
| 300 |
|
|
|a 1 online resource (322 pages)
|
| 336 |
|
|
|a text
|b txt
|2 rdacontent
|
| 337 |
|
|
|a computer
|b c
|2 rdamedia
|
| 338 |
|
|
|a online resource
|b cr
|2 rdacarrier
|
| 505 |
0 |
|
|a Intro -- Acknowledgements -- Contents -- List of Figures -- List of Tables -- Chapter 1: Introduction -- Chapter 2: The Prevalence of Vote Buying in Indonesia: Building an Index -- 2.1 Dimensions and Measures -- 2.2 How Prevalent Is Vote Buying? -- 2.3 The Vote-Buying Index -- 2.4 International Comparability -- 2.5 Little Social Desirability Bias -- 2.6 Vote Buying in Local Executive Elections -- 2.7 Conclusion -- Bibliography -- Books, Journal Articles, and Unpublished Papers -- Articles and Reports -- Chapter 3: The Determinants of Vote Buying: The Profile of Typical Vote 'Sellers' -- 3.1 Perspectives on Electoral Clientelism -- 3.2 Hypotheses -- 3.2.1 Vote Buying and Modernisation Theory -- 3.2.2 Vote Buying and Civic Engagement -- 3.2.3 Vote Buying and Political Attitudes -- 3.3 Measures of Modernisation Theory, Civic Engagement, and Political Attitudes -- 3.3.1 Modernisation Theory -- 3.3.2 Civic Engagement -- 3.3.3 Political Attitudes -- 3.3.3.1 Party Identification -- 3.3.3.2 Political Efficacy -- 3.3.3.3 Political Information -- 3.3.3.4 Political Interest -- 3.3.3.5 Political Trust -- 3.3.3.6 Political Participation -- 3.3.3.7 Democratic Support -- 3.4 Results and Discussion: The Determinants of Vote Buying: Who Gets Targeted? -- 3.5 Conclusion -- Bibliography -- Books, Journal Articles, and Unpublished Papers -- Chapter 4: Do Candidates Target Loyalists or Swing Voters? Beyond the Core- Versus Swing-Voter Debate -- 4.1 Political Party Partisanship in Indonesia -- 4.2 Is Party Identification Endogenous to Benefits? -- 4.3 Variations in Party Identification by Party and Vote Buying -- 4.4 Testing the Models of Distributive Politics -- 4.4.1 Evidence from Surveys of Local Politicians and Brokers -- 4.4.2 Reasons Behind the Tendency to Favour Core Voters -- 4.4.2.1 Double-Layered Risk Aversion.
|
| 505 |
8 |
|
|a 4.4.2.2 The Moral Economy of Vote Buying -- 4.4.3 Evidence from Nationwide Surveys -- 4.5 Mixed Results -- 4.6 Conclusion -- Bibliography -- Books, Journal Articles, and Unpublished Papers -- Chapter 5: How Targeting Goes Astray: Explaining the Gap Between Intentions and Outcomes -- Chapter 6: Vote Brokerage, Personal Networks, and Agency Loss -- Chapter 7: Does Vote Buying Affect Voting Behaviour? Chasing Winning Margins and the Prisoner's Dilemma -- 7.1 Effect on Voter Turnout -- 7.2 Effect on Vote Choice -- 7.3 Chasing a Margin of Victory -- 7.3.1 Open-List PR and Electoral Competitiveness -- 7.3.2 Intense Intraparty Competition -- 7.3.3 Electoral Competitiveness and Vote Buying -- 7.4 Two Alternative Theories -- 7.4.1 The Prisoner's Dilemma -- 7.4.2 Relatively More Efficient Strategy -- 7.5 Conclusion -- Bibliography -- Books, Journal Articles, and Unpublished Papers -- Articles and Reports -- Chapter 8: Conclusion -- Appendix A: Indonesian Voter Surveys -- The April 2014 Post-election National Survey -- Pre-election Surveys in January, February-March, and Late March 2014 -- Appendix B: Survey of Brokers and Candidates -- Appendix C: Correlation Between Variables (Pearson's r) -- Appendix D: Normality Test of the Linear Regression Analysis of the Determinants of Vote Buying -- Appendix E: Logistic Regression Analysis of the Determinants of Vote Buying -- Appendix F: Multivariate Analyses of the Determinants of Winning and Losing Incumbents -- Bibliography -- Books, Journal Articles, and Unpublished Papers -- Articles and Reports -- Index.
|
| 588 |
|
|
|a Description based on publisher supplied metadata and other sources.
|
| 590 |
|
|
|a Electronic reproduction. Ann Arbor, Michigan : ProQuest Ebook Central, 2023. Available via World Wide Web. Access may be limited to ProQuest Ebook Central affiliated libraries.
|
| 655 |
|
4 |
|a Electronic books.
|
| 776 |
0 |
8 |
|i Print version:
|a Muhtadi, Burhanuddin
|t Vote Buying in Indonesia
|d Singapore : Springer Singapore Pte. Limited,c2019
|z 9789811367786
|
| 797 |
2 |
|
|a ProQuest (Firm)
|
| 856 |
4 |
0 |
|u https://ebookcentral.proquest.com/lib/matrademy/detail.action?docID=5771118
|z Click to View
|